000 00571nam a2200205Ia 4500
005 20250923145057.0
008 008 250917s9999 xx 000 0 eng d
037 _aTextual
040 _aDSWL
_beng
_cDSWL
041 _aeng
_2eng
084 _aSM95:7, K2
_qDSWL
100 _aFreud, Sigmund
_9831541
245 4 _aThe Ego and the Id
_cby Sigmund Freud
260 _aLondon
_bThe Hogarth Press Ltd.
_c1962
300 _axv,392p.
365 _aINR
_b10 .6
925 _g10 .6
942 _cTEXL
_hSM95:7, K2
999 _c1446808
_d1446808